000 00275nam a22001217a 4500
008 181012b xxu||||| |||| 00| 0 eng d
041 _aeng
080 _a321
100 _a19
101 _aSHP
245 _aRegionalism in American Politics
_cSharkansky, I
942 _2udc
_cBK
999 _c49587
_d49587